Mean value on locally compact abelian groups

Elmentve itt :
Bibliográfiai részletek
Szerző: Nguetseng Gabriel
Dokumentumtípus: Cikk
Megjelent: 2003
Sorozat:Acta scientiarum mathematicarum 69 No. 1-2
Kulcsszavak:Matematika
Online Access:http://acta.bibl.u-szeged.hu/15965
LEADER 00622nab a2200181 i 4500
001 acta15965
005 20210326124939.0
008 161015s2003 hu o 0|| eng d
022 |a 0001-6969 
040 |a SZTE Egyetemi Kiadványok Repozitórium  |b hun 
041 |a eng 
100 1 |a Nguetseng Gabriel 
245 1 0 |a Mean value on locally compact abelian groups  |h [elektronikus dokumentum] /  |c  Nguetseng Gabriel 
260 |c 2003 
300 |a 203-221 
490 0 |a Acta scientiarum mathematicarum  |v 69 No. 1-2 
695 |a Matematika 
856 4 0 |u http://acta.bibl.u-szeged.hu/15965/1/math_069_numb_001_002_203-221.pdf  |z Dokumentum-elérés